| 000 | 00893 a2200181 4500 | ||
|---|---|---|---|
| 003 | Nust | ||
| 005 | 20220726121245.0 | ||
| 020 | _a8189757121 | ||
| 040 | _cNust | ||
| 082 | _a004.165,VEN | ||
| 100 |
_aK.Venkatesh,Sampath _995172 |
||
| 245 |
_a8051 Microcontroller & Embedded Systems / _cSampath K.Venkatesh |
||
| 260 |
_aS.K Kataria & Sons _bNew Delhi _c2010 |
||
| 300 | _axiv,493 p | ||
| 505 | _a8051 Microcontroller (Page-1-36), Introduction to 8051 Assembly Programming (Page 37-49), JUMP, Loop and Call Instructions (Page 50-63), Input Output Port Programming (Page 64-71), Addressing Modes (Page 72-76), Arthimetic Instructions and Programs (Page 77-84), Logic Instructions and Programs (Page 85-91), Single Bit instructions and Programming (Page 92-96), Counter/Time Programming in the 8051 (Page 97-110). | ||
| 650 |
_a8051 Microcontroller _995173 |
||
| 942 |
_2ddc _cBK _k004.165,VEN |
||
| 999 |
_c189246 _d189246 |
||